000 00599 a2200253 4500
003 DLC
005 20260401115958.0
008 2025s2025 xx 000 0 eng d
020 _a9780197754832
040 _aDLC
_beng
050 4 _aQR181 .J87 2025
082 0 4 _a616.079
100 1 _aJuris, Stephen
_eauthor.
245 1 0 _aImmunology
_cJuris, Stephen.
250 _a2nd ed.
264 1 _bOxford University Press
_c2025
300 _a553p. : ill.
336 _2CC
338 _2CC
650 0 _aImmunology
650 0 _aMedical immunology
650 0 _aImmune system
942 _2lcc
_cBK
999 _c44236
_d44236